000
00382nam a22001697a 4500
003
MPLRDC
005
20220104124112.0
008
210129b ||||| |||| 00| 0 eng d
082
_a
868.71 DY c.2
100
_a
丁云
245
_a
看山岁月
_c
250
_a
初版
260
_a
_b
TAN CHUN AN
_c
1981
300
_b
平
650
_a
马华文学
942
_c
BK
_o
868.71 DY c.2
999
_c
16654
_d
16644